00999nam a2200301Ia 4500003001000000005001700010007000300027008004100030020001800071040002800089041000800117082002100125100002300146245017400169250001800343300002500361336002700386337003300413338002800446504002800474650003300502650002700535650003300562650002900595650002200624700001900646700003200665CO-BoRNBP20240927145643.0ta130821s1993 ck ab gr spa  a958 95596 2 X aCo-BoUCMbspacCo-BoUCM00aspa04a342.087 S16d2201 aSánchez, Enrique10aDerechos e identidad los pueblos indígenas y negros en la Constitución Política de Colombia de 1991cEnrique Sánchez, Roque Roldán, María Fernanda Sánchez a1a. edición a336 páginasc24 cm 2rdacontentatextobtxt 2rdamediaasin mediaciónbn 2rdacarrieravolumenbnc aIncluye bibliografía. aDerecho constitucional2LEMB aDerechos civiles2LEMB aDerechos de los negros2LEMB aIdentidad cultural2LEMB aIndígenas2LEMB1 aRoldán Roque1 aSánchez, María Fernanda